| 000 | 00390nam a2200145Ia 4500 | ||
|---|---|---|---|
| 008 | 230719s9999 xx 000 0 und d | ||
| 041 | _aeng | ||
| 082 |
_a372.4 _bSHR |
||
| 100 |
_aShrikhande R. _9115777 |
||
| 245 | _aBusiness Communication & Executive Effectiveness | ||
| 260 | _bSymbiosis Center for Distance | ||
| 300 | _a220 | ||
| 365 |
_cRs. _b1.00 |
||
| 700 |
_aShrikhande R. _9115777 |
||
| 999 |
_c354104 _d354104 |
||